| 000 | 00529nam a22001697a 4500 | ||
|---|---|---|---|
| 999 |
_c9416 _d9416 |
||
| 008 | 210410b ||||| |||| 00| 0 eng d | ||
| 040 | _aBMS College of Architecture | ||
| 100 | _aDevanathan, Pushpa | ||
| 245 | _aClimate and the city | ||
| 300 | _axix. 207p. | ||
| 500 | _a1BM05AHD05 | ||
| 502 |
_8M.Arch (Habitat Design) _NBMS College of Architecture, Visvesvaraya Technological University _aDissertation _d2007 |
||
| 650 | _aClimate | ||
| 700 |
_aSridhar Rajan _eGuide |
||
| 700 |
_aSathish S Rao _eGuide |
||
| 942 |
_2ddc _cPGTHE |
||